BIBLIOTHÈQUE DE LA MAISON DU MEXIQUE

Logo 1 Logo 2

Eugenia Grandet. La piel de zapa (notice nᵒ 11945)

détails MARC
000 -Sello discográfico
campo de control de longitud fija 00886nam a2200289 4500
005 - Identificación de versión
campo de control 20251016083209.0
035 ## - Otros números de control del sistema
Número de control del sistema 6970
099 ## - fechas locales
Tipo de ítem Koha LIBRO
100 ## - Datos de procesamiento general
Datos de procesamiento general 20041006d1969 m y1spay5003 ba
105 ## - Campo de datos codificados: Material textual, monográfico
Datos codificados de monografía y 001ay
200 1# - Título y mención de responsabilidad
Título propio Eugenia Grandet. La piel de zapa
Designación general del material texto impreso
Primer mención de responsabilidad Honorato de Balzac
Declaración de responsabilidad subsiguiente prólogo Carmen Galindo
205 ## - Declaración de edición
Declaración de edición 1a ed
210 ## - Publicación, distribución, etc.
Lugar de publicación, distribución, etc. México
Nombre del editor, distribuidor, etc. Editorial Porrúa
Fecha de publicación, distribución, etc. 1969
215 ## - Descripción física
Designación de material específico y extensión del ítem XV, 274 p
Dimensiones 22 cm
345 ## - Nota de información de adquisición
Fuente de adquisición/dirección de la suscripción [OBSOLETO] Donación
410 #1 - Series
Título Colección "Sepan Cuantos ..."
Número de volumen 112
606 ## - Término temático usado como materia
Elemento de entrada Cuentos franceses
Subdivisión cronológica Siglo XIX
Número Koha 18571
700 ## - Nombre personal - Responsabilidad primaria
Elemento de entrada Balzac
Parte del nombre distinta del elemento de entrada Honoré de
Fechas 1799-1850
Número Koha 4973
702 ## - Nombre personal - Responsabilidad secundaria
Elemento de entrada Galindo
Parte del nombre distinta del elemento de entrada Carmen
Número Koha 18572
801 #0 - Fuente de origen
Agencia cm
900 ## -
-- 1/8354
900 ## -
-- 7100420120\061004
942 ## - ELEMENTOS DE ENTRADA SECUNDARIOS (KOHA)
Tipo de ítem Koha Livre
996 ## -
-- MEX
-- 751145101
-- MMAG
-- 012385
-- 080 S479 V.112
-- 20250207LIV
Exemplaires
Estatus retirado Estado de daño Estado de pérdida Fecha de adquisición Biblioteca de origen Biblioteca actual Ubicación en estantería Código de barras Precio de reemplazo Signatura topográfica completa No para préstamo Tipo de ítem Koha Nota pública Nota no pública
      05/08/2025 Casa México Paris Casa México Paris   012385 05/08/2025 080 S479 V.112   Livre 20250207LIV 751145101